000 00496 a2200145 4500
001 ART_37816
005 20260410161701.0
008 260409a
245 1 0 _aLos problemas de equidad entre acreedores, y entre deudores y acreedores, en la reestructuración de la deuda soberana
100 1 _aGuzmán, Martín
700 1 _aBrooks, Skylar
700 1 _aLombardi, Doménico
700 1 _aStiglitz, Joseph E.
773 0 _tEnsayos Económicos
_g- Nº 73 (dic. 2015)
_wREV620
999 _c15213
_d15213